000 00420nam a2200181Ia 4500
005 20250423100340.0
008 250422s9999 xx 000 0 und d
020 _a9789789421596
050 _aKP 84.5 .A2/
100 _aAbdulrazaq, M.T.
245 0 _aNigerian tax offences and penalties
250 _a2nd ed.
260 _aLagos
260 _bPrinceton pub.
260 _c2014
300 _a309 p
942 _cBK
999 _c33035
_d33035